=LDR 00000nam 2200000 4500 =001 INLIS000000000033066 =005 20161129120241.0 =006 =007 =008 ind =035 ##$$0010-061300000033066 =041 ##$$a ind =082 ##$$a 374.22 =090 ##$$a 374.22 Hur d =100 ##$$a Huraerah, Abu $q Drs. Abu Huraerah, M. Si =245 ##$$a Dinamika Kelompok $b Konsep & Aplikasi =260 ##$$a Bandung $b Refikas Aditama $c 2006 =300 ##$$a x, 124 hlm, 23 cm =650 ##$$a Kelompok Diskusi =700 ##$$a Purwanto =850 ##$$a NBPNMAT =990 ##$$a 0001/BPAP-NTB/2016